000 00920nam a22002417a 4500
999 _c830
_d830
003 AR-CdUCM
008 190225b ||||| |||| 00| 0 spa d
040 _aMUNICIPALIDAD PROVINCIAL DEL CUSCO
_cBIBLIOTECA MUNICIPAL DEL CUSCO
082 _a371.3 /
_bL64
100 _aLimachi Qqueso, Julio Cesar
_93099
245 _aEstrategias instruccionales :
_bMetodologías y técnicas educativas /
260 _aCusco :
_bEdit, Universitaria;
_c2007.
300 _a99 paginas ;
_c21 cm.
505 _aEl método de descartes --El estudio de casos -- Factores estáticos formales -- Los objetivos curriculares -- Proyectos de aprendizaje ...
650 _aPedagogía
_91560
650 _aAprendizaje
_92143
650 _aEstrategias de aprendizaje
_93147
650 _aMetodologia
_92264
650 _aMateriales de enseñanza
_93148
650 _aEvaluación educativa
_93149
942 _2ddc
_cLIBROS
945 _arum
_d2019-02-25